[Event "Titled Tuesday intern op 16th Jan Late"]
[Site "Chess.com INT"]
[Date "2024.01.16"]
[Round "9"]
[White "Bogaudinov, Rushan"]
[Black "Medeiros, Francisco de Assis"]
[Result "1/2-1/2"]
[WhiteElo "1853"]
[BlackElo "2067"]
[PlyCount "165"]
[EventDate "2024.01.16"]
[EventType "swiss (blitz)"]
[EventRounds "11"]
[EventCountry "USA"]
[SourceTitle "CB04_2024"]
[SourceDate "2023.10.16"]
[SourceVersion "1"]
[SourceVersionDate "2023.10.16"]
[SourceQuality "1"]

1. d4 d5 2. Nf3 e6 3. e3 c5 4. Be2 Nf6 5. 0-0 Nc6 6. a3 cxd4 7. Nxd4 Bd6 8. c4 0-0 9. Nc3 dxc4 10. Nxc6 bxc6 11. Bxc4 Bb7 12. e4 c5 13. Re1 Nxe4 14. Nxe4 Bxe4 15. Qg4 Bf5 16. Qh5 Qf6 17. Qe2 Rfd8 18. Be3 Rab8 19. b3 Qg6 20. Rad1 Bc2 21. Rc1 Bxb3 22. Bd3 Qf6 23. Qh5 h6 24. Be4 Bd5 25. Bxd5 exd5 26. Bxc5 Bf4 27. Be3 g6 28. Qf3 Be5 29. Qxf6 Bxf6 30. Bxh6 Rb3 31. a4 Rdb8 32. Rcd1 d4 33. Bf4 R8b7 34. a5 R7b5 35. Bd2 a6 36. g3 Kg7 37. h4 Rb2 38. Re4 R5b3 39. Kg2 Rb1 40. Rxb1 Rxb1 41. Bf4 Rb5 42. Bd2 Rd5 43. Kf3 Rf5+ 44. Ke2 Rc5 45. Kd3 Rb5 46. g4 Rb3+ 47. Ke2 Rb5 48. Kd3 Rb3+ 49. Ke2 Ra3 50. g5 Bd8 51. Rxd4 Bxa5 52. Bxa5 Rxa5 53. f4 Ra3 54. Rc4 a5 55. Rc5 a4 56. f5 gxf5 57. Rxf5 Ra2+ 58. Kf3 a3 59. Kg4 Ra1 60. Kh5 a2 61. Ra5 Kg8 62. Ra8+ Kg7 63. Ra7 Kg8 64. Ra6 Kg7 65. Ra7 Kg8 66. Ra6 Kg7 67. Ra5 Kg8 68. Ra7 Kg7 69. g6 Rf1 70. Rxa2 fxg6+ 71. Kg4 Rf7 72. Ra5 Rf8 73. Kg5 Rf5+ 74. Rxf5 gxf5 75. Kxf5 Kh7 76. Kg4 Kh8 77. h5 Kh7 78. Kg5 Kh8 79. h6 Kh7 80. Kh5 Kh8 81. Kg6 Kg8 82. h7+ Kh8 83. Kh6 1/2-1/2

[Event "Titled Tuesday intern op 16th Jan Late"]
[Site "Chess.com INT"]
[Date "2024.01.16"]
[Round "2"]
[White "Rozman, Levy"]
[Black "Medeiros, Francisco de Assis"]
[Result "1/2-1/2"]
[WhiteElo "2322"]
[BlackElo "2067"]
[PlyCount "71"]
[EventDate "2024.01.16"]
[EventType "swiss (blitz)"]
[EventRounds "11"]
[EventCountry "USA"]
[SourceTitle "CB04_2024"]
[SourceDate "2023.10.16"]
[SourceVersion "1"]
[SourceVersionDate "2023.10.16"]
[SourceQuality "1"]

1. e4 e5 2. Nf3 Nc6 3. c4 Bc5 4. Nc3 d6 5. d3 Nge7 6. a3 Nd4 7. Be2 0-0 8. 0-0 c6 9. Be3 Ng6 10. b4 Bb6 11. Na4 Nxe2+ 12. Qxe2 Bc7 13. d4 f5 14. dxe5 fxe4 15. Nd2 Nxe5 16. Nxe4 Be6 17. Rac1 Qh4 18. f3 Nxc4 19. g3 Qh5 20. Rxc4 Bxc4 21. Qxc4+ d5 22. Qa2 Rxf3 23. Re1 Re8 24. Bf2 Rxf2 25. Qxf2 dxe4 26. Nc5 Bb6 27. Kg2 Bxc5 28. bxc5 Qe5 29. Qe3 Qd5 30. Re2 h6 31. Rd2 Qe5 32. Rd7 Re7 33. Rd8+ Re8 34. Rd7 Re7 35. Rd8+ Re8 36. Rd7 1/2-1/2

[Event "Titled Tuesday intern op 19th Sep Late"]
[Site "Chess.com INT"]
[Date "2023.09.19"]
[Round "5"]
[White "Okike, David"]
[Black "Medeiros, Francisco de Assis"]
[Result "0-1"]
[WhiteElo "2157"]
[BlackElo "2075"]
[PlyCount "68"]
[EventDate "2023.09.19"]
[EventType "swiss (blitz)"]
[EventRounds "11"]
[EventCountry "USA"]
[SourceTitle "EXT 2024"]
[Source "ChessBase"]
[SourceDate "2023.10.10"]
[SourceVersion "1"]
[SourceVersionDate "2023.10.10"]
[SourceQuality "1"]

1. e4 c6 2. d4 d5 3. e5 Bf5 4. h4 h5 5. c4 e6 6. Nc3 Bb4 7. Bd3 Bxd3 8. Qxd3 c5 9. dxc5 Nc6 10. Nf3 d4 11. a3 Ba5 12. b4 dxc3 13. Qxc3 Bc7 14. Bg5 Nge7 15. 0-0 Qb8 16. Rfe1 Ng6 17. Rad1 0-0 18. Rd6 Bxd6 19. exd6 Qc8 20. b5 Nb8 21. Qd4 Nd7 22. Be3 e5 23. Qd5 Nf6 24. Qd2 Qe6 25. Qb4 Rac8 26. g3 Nd7 27. Ng5 Qg4 28. Kh2 f6 29. f3 Qf5 30. c6 fxg5 31. cxd7 Qxd7 32. hxg5 Rxf3 33. c5 h4 34. Qe4 Rxg3 0-1

[Event "Florianopolis op 9th"]
[Site "Florianopolis"]
[Date "2023.01.29"]
[Round "10"]
[White "Medeiros, Francisco de Assis"]
[Black "Bitencourt, Evandro Jose dos S"]
[Result "1-0"]
[WhiteElo "2071"]
[BlackElo "1859"]
[PlyCount "53"]
[EventDate "2023.01.23"]
[EventType "swiss"]
[EventRounds "10"]
[EventCountry "BRA"]
[SourceTitle "CBM 212 Extra"]
[Source "ChessBase"]
[SourceDate "2023.03.31"]
[SourceVersion "1"]
[SourceVersionDate "2023.03.31"]
[SourceQuality "1"]

1. e4 c5 2. Nf3 d6 3. d4 cxd4 4. Nxd4 Nf6 5. Nc3 a6 6. Bg5 e6 7. f4 Be7 8. Qf3 Qc7 9. 0-0-0 Nbd7 10. Bd3 h6 11. Bh4 g5 12. e5 dxe5 13. Nxe6 fxe6 14. Bg6+ Kf8 15. fxg5 hxg5 16. Bxg5 Kg7 17. Ne4 Rf8 18. Qg3 Qc4 19. Bxf6+ Rxf6 20. Nxf6 Nxf6 21. Bh5+ Kf8 22. Qg6 Qf4+ 23. Kb1 Ne4 24. Qe8+ Kg7 25. Qxe7+ Kh6 26. Bf3 Nf2 27. Rd8 1-0

[Event "Florianopolis op 9th"]
[Site "Florianopolis"]
[Date "2023.01.28"]
[Round "9"]
[White "Filgueiras, Nathan Felipe"]
[Black "Medeiros, Francisco de Assis"]
[Result "1-0"]
[WhiteElo "2356"]
[BlackElo "2071"]
[PlyCount "63"]
[EventDate "2023.01.23"]
[EventType "swiss"]
[EventRounds "10"]
[EventCountry "BRA"]
[SourceTitle "CBM 212 Extra"]
[Source "ChessBase"]
[SourceDate "2023.03.31"]
[SourceVersion "1"]
[SourceVersionDate "2023.03.31"]
[SourceQuality "1"]

1. e4 d5 2. exd5 Qxd5 3. Nc3 Qd8 4. Bc4 Nf6 5. Nf3 c5 6. d4 e6 7. 0-0 cxd4 8. Nxd4 a6 9. Be3 Be7 10. a4 Qc7 11. Qe2 0-0 12. a5 Bd7 13. Nb3 Rc8 14. Bd3 Bc6 15. Nd2 Nbd7 16. Nc4 Bd5 17. Nxd5 Nxd5 18. Rad1 Rd8 19. Qh5 N7f6 20. Qf3 Bc5 21. Bg5 h6 22. Bd2 Bb4 23. c3 Be7 24. Rfe1 Rac8 25. h3 Ra8 26. g3 Nd7 27. Qe4 Nf8 28. Qe2 Bf6 29. Ra1 Rac8 30. Ne3 Nxe3 31. Bxe3 Be7 32. Bb6 1-0

[Event "Florianopolis op 9th"]
[Site "Florianopolis"]
[Date "2023.01.25"]
[Round "4"]
[White "Medeiros, Francisco de Assis"]
[Black "Perez, Daniel Guillermo"]
[Result "0-1"]
[WhiteElo "2071"]
[BlackElo "2306"]
[PlyCount "122"]
[EventDate "2023.01.23"]
[EventType "swiss"]
[EventRounds "10"]
[EventCountry "BRA"]
[SourceTitle "CBM 212 Extra"]
[Source "ChessBase"]
[SourceDate "2023.03.31"]
[SourceVersion "1"]
[SourceVersionDate "2023.03.31"]
[SourceQuality "1"]

1. e4 e5 2. Nf3 Nc6 3. Bc4 Nf6 4. d3 Be7 5. Nc3 0-0 6. 0-0 d6 7. a4 Bg4 8. h3 Be6 9. Nd5 Bxd5 10. exd5 Nb4 11. d4 e4 12. Nd2 Nbxd5 13. Nxe4 c6 14. Ng3 Re8 15. Qf3 Nc7 16. Bd3 g6 17. Re1 d5 18. c3 Nd7 19. Bh6 Bf8 20. Bd2 Qh4 21. Qf4 Qxf4 22. Bxf4 Ne6 23. Bd2 Bd6 24. Nf1 f6 25. g3 Kf7 26. Kg2 Re7 27. Re2 Rae8 28. Rae1 f5 29. Nh2 Nf6 30. Nf3 Ne4 31. Bxe4 fxe4 32. Ng5+ Kg7 33. Nxe6+ Rxe6 34. Be3 Rf8 35. h4 Rf3 36. Rc1 Re7 37. Rh1 h5 38. Rhe1 Kf7 39. Bg5 Re6 40. Be3 Kf6 41. Bg5+ Kf5 42. Re3 Kg4 43. Rxf3 exf3+ 44. Kf1 Rxe1+ 45. Kxe1 Kf5 46. Kd2 Ke4 47. b3 c5 48. Be3 b6 49. a5 Be7 50. axb6 axb6 51. Kc2 Bf8 52. Kd2 Bd6 53. dxc5 bxc5 54. Bg5 Bc7 55. Be7 Bb6 56. c4 Ba5+ 57. Kc2 dxc4 58. bxc4 Kd4 59. Bg5 Kxc4 60. Be3 Be1 61. Kd1 Bc3 0-1

[Event "Titled Tuesday intern op 01st Nov Early"]
[Site "Chess.com INT"]
[Date "2022.11.01"]
[Round "4"]
[White "Mesa Cruz, Juan Carlos"]
[Black "Medeiros, Francisco de Assis"]
[Result "0-1"]
[WhiteElo "2159"]
[BlackElo "2071"]
[PlyCount "68"]
[EventDate "2022.11.01"]
[EventType "swiss (blitz)"]
[EventRounds "11"]
[EventCountry "USA"]
[SourceTitle "EXT 2024"]
[Source "ChessBase"]
[SourceDate "2023.10.10"]
[SourceVersion "1"]
[SourceVersionDate "2023.10.10"]
[SourceQuality "1"]

1. e4 e5 2. Nf3 Nc6 3. Bc4 Nf6 4. d3 Bc5 5. c3 0-0 6. 0-0 h6 7. d4 Bb6 8. dxe5 Ng4 9. Bf4 Qe8 10. Qd5 Ne7 11. Qd2 Ng6 12. a4 N4xe5 13. Nxe5 Nxe5 14. Be2 a6 15. Na3 d6 16. Bxe5 dxe5 17. Nc4 Ba7 18. Qd5 Qe7 19. Kh1 Kh8 20. Qxe5 Qxe5 21. Nxe5 Re8 22. Nxf7+ Kg8 23. Bc4 Be6 24. Ne5 Bxc4 25. Nxc4 Rxe4 26. b3 Re2 27. f3 Rae8 28. Rad1 Rc2 29. Rc1 Ree2 30. Rxc2 Rxc2 31. Rd1 Rxc3 32. Rd8+ Kh7 33. h4 Rxb3 34. h5 Rb4 0-1

[Event "Titled Tuesday intern op 20th Sep Late"]
[Site "Chess.com INT"]
[Date "2022.09.20"]
[Round "3"]
[White "Al Tarbosh, Ward"]
[Black "Medeiros, Francisco de Assis"]
[Result "0-1"]
[WhiteElo "2156"]
[BlackElo "2056"]
[PlyCount "128"]
[EventDate "2022.09.20"]
[EventType "swiss (blitz)"]
[EventRounds "11"]
[EventCountry "USA"]
[SourceTitle "EXT 2023"]
[Source "ChessBase"]
[SourceDate "2022.10.05"]
[SourceVersion "1"]
[SourceVersionDate "2022.10.05"]
[SourceQuality "1"]

1. e4 c6 2. Nf3 d5 3. Nc3 dxe4 4. Nxe4 Nf6 5. Nxf6+ exf6 6. Bc4 Bd6 7. Qe2+ Qe7 8. Qxe7+ Bxe7 9. 0-0 Be6 10. Bd3 Nd7 11. Re1 0-0-0 12. b3 Bd6 13. Bb2 Bg4 14. Nd4 Be5 15. h3 Bh5 16. Bc3 Nc5 17. Bf5+ Kc7 18. Nf3 Bxf3 19. gxf3 Bxc3 20. dxc3 g6 21. b4 Na4 22. Bd3 Nxc3 23. Re7+ Rd7 24. Rxd7+ Kxd7 25. Bc4 Nd5 26. Rd1 Rd8 27. Bxd5 Kc7 28. c4 cxd5 29. cxd5 Kd6 30. Kf1 Rc8 31. Rd3 Rc4 32. a3 Rh4 33. Rc3 Rxh3 34. Kg2 Rh5 35. Rc8 Rxd5 36. Rd8+ Ke6 37. Re8+ Kd7 38. Rb8 Rb5 39. Kg3 h6 40. Kf4 Rf5+ 41. Ke4 Rb5 42. Kd4 a6 43. Kc4 Kc7 44. Rf8 Rf5 45. Rxf7+ Kb6 46. Rg7 g5 47. a4 Rf4+ 48. Kb3 Rxf3+ 49. Kc4 Rf4+ 50. Kb3 Rxf2 51. a5+ Ka7 52. Rg6 h5 53. Rh6 h4 54. Kc4 Rf5 55. Rh7 g4 56. Rxh4 Rg5 57. Rh2 g3 58. Rg2 f5 59. Kd3 b6 60. axb6+ Kxb6 61. Ke3 Rg4 62. Kf3 Kb5 63. Ra2 g2 64. Ra5+ Kxb4 0-1

[Event "Titled Tuesday intern op 20th Sep Late"]
[Site "Chess.com INT"]
[Date "2022.09.20"]
[Round "7"]
[White "Medeiros, Francisco de Assis"]
[Black "Riehle, Marco"]
[Result "0-1"]
[WhiteElo "2056"]
[BlackElo "2353"]
[PlyCount "94"]
[EventDate "2022.09.20"]
[EventType "swiss (blitz)"]
[EventRounds "11"]
[EventCountry "USA"]
[SourceTitle "EXT 2023"]
[Source "ChessBase"]
[SourceDate "2022.10.05"]
[SourceVersion "1"]
[SourceVersionDate "2022.10.05"]
[SourceQuality "1"]

1. d4 d5 2. Nf3 Nf6 3. Bg5 e6 4. Nbd2 c5 5. c3 Nc6 6. e3 Bd6 7. Bd3 h6 8. Bh4 Qc7 9. 0-0 Bd7 10. Bxf6 gxf6 11. dxc5 Bxc5 12. e4 dxe4 13. Nxe4 Be7 14. Re1 f5 15. Ned2 0-0-0 16. Qe2 Rhg8 17. Nc4 Bf6 18. Rad1 h5 19. Nfe5 Nxe5 20. Nxe5 Bxe5 21. Qxe5 Qxe5 22. Rxe5 Bc6 23. g3 h4 24. Be2 Rxd1+ 25. Bxd1 hxg3 26. fxg3 Rd8 27. Bh5 Rd2 28. Re2 Rd1+ 29. Kf2 Rh1 30. Ke3 f6 31. Kf4 Kd7 32. Ke3 e5 33. Bf3 Bxf3 34. Kxf3 Ke6 35. Kg2 Ra1 36. a3 e4 37. h4 Rd1 38. Kf2 Ke5 39. Rc2 f4 40. gxf4+ Kxf4 41. h5 e3+ 42. Ke2 Rh1 43. c4 Rxh5 44. Kd3 Rh8 45. c5 Kf3 46. Kc4 e2 47. Rc1 Kf2 0-1

[Event "Titled Tuesday intern op 16th Aug Late"]
[Site "Chess.com INT"]
[Date "2022.08.16"]
[Round "2"]
[White "Medeiros, Francisco de Assis"]
[Black "Thomforde Toates, Noah"]
[Result "0-1"]
[WhiteElo "2074"]
[BlackElo "2124"]
[PlyCount "108"]
[EventDate "2022.08.16"]
[EventType "swiss (blitz)"]
[EventRounds "11"]
[EventCountry "USA"]
[SourceTitle "EXT 2023"]
[Source "ChessBase"]
[SourceDate "2022.10.05"]
[SourceVersion "1"]
[SourceVersionDate "2022.10.05"]
[SourceQuality "1"]

1. d4 Nf6 2. Nf3 g6 3. Bg5 Bg7 4. Nbd2 d5 5. e3 0-0 6. Bd3 Nbd7 7. c3 b6 8. 0-0 Bb7 9. Qe2 c5 10. Ba6 Qc8 11. Bxb7 Qxb7 12. Rfe1 e6 13. h3 Rfe8 14. Qd3 e5 15. dxe5 Nxe5 16. Nxe5 Rxe5 17. Nf3 Re6 18. Bxf6 Bxf6 19. Rad1 Rd8 20. Qc2 Kg7 21. Rd2 d4 22. cxd4 cxd4 23. exd4 Rxe1+ 24. Nxe1 Rxd4 25. Rxd4 Bxd4 26. Nf3 Bf6 27. b3 Qd5 28. Qd2 Qxd2 29. Nxd2 Bc3 30. Ne4 Bb4 31. Kf1 f5 32. Ng3 Kf6 33. Ke2 Ke5 34. Kd3 h5 35. Ne2 g5 36. Nd4 Bc5 37. Nf3+ Kf4 38. Ke2 g4 39. g3+ Ke4 40. hxg4 fxg4 41. Ng5+ Kf5 42. f4 Be7 43. Nf7 h4 44. Nh6+ Ke4 45. Kf2 Bc5+ 46. Kg2 h3+ 47. Kh2 Kf3 48. f5 Bd6 49. f6 Bxg3+ 50. Kg1 Bd6 51. Nf5 Bc5+ 52. Kh1 g3 53. Nh4+ Kf2 54. f7 g2+ 0-1

[Event "Titled Tuesday intern op 26th Jul Late"]
[Site "Chess.com INT"]
[Date "2022.07.26"]
[Round "11"]
[White "Medeiros, Francisco de Assis"]
[Black "Aaron, Deepak"]
[Result "0-1"]
[WhiteElo "2074"]
[BlackElo "2221"]
[PlyCount "122"]
[EventDate "2022.07.26"]
[EventType "swiss (blitz)"]
[EventRounds "11"]
[EventCountry "USA"]
[SourceTitle "EXT 2023"]
[Source "ChessBase"]
[SourceDate "2022.10.05"]
[SourceVersion "1"]
[SourceVersionDate "2022.10.05"]
[SourceQuality "1"]

1. d4 e6 2. Nf3 f5 3. Bf4 Nf6 4. c4 Bb4+ 5. Nbd2 0-0 6. a3 Be7 7. e3 d6 8. Bd3 Qe8 9. Bg3 b6 10. e4 fxe4 11. Nxe4 Bb7 12. Qe2 h6 13. 0-0 Nbd7 14. Rfe1 Nh5 15. Ned2 e5 16. dxe5 Nxg3 17. hxg3 dxe5 18. Nxe5 Nxe5 19. Qxe5 Bc5 20. Qxe8 Raxe8 21. Rxe8 Rxe8 22. Nf3 Rf8 23. Rd1 Bxf3 24. gxf3 Rxf3 25. Kg2 Rxf2+ 26. Kh3 Kf7 27. Rf1 Rxf1 28. Bxf1 Kf6 29. Kg4 Ke5 30. Kf3 Kd4 31. g4 Be7 32. Kf4 Bg5+ 33. Kf5 Bc1 34. b4 Bxa3 35. b5 Bb2 36. g5 hxg5 37. Kxg5 Kc5 38. Kf5 Kb4 39. Ke6 Ka5 40. Kd5 a6 41. Kc6 Be5 42. Be2 axb5 43. cxb5 Kb4 44. Bd3 g5 45. Bf5 Kc3 46. Kd5 Bd6 47. Ke4 Kc4 48. Bd7 g4 49. Ke3 g3 50. Kf3 c5 51. bxc6 b5 52. Bh3 b4 53. Ke3 Kc5 54. Bg2 b3 55. Kd3 Be5 56. Kd2 b2 57. Kc2 Kb6 58. Kb1 Kc7 59. Kc2 Bd4 60. Kd3 b1Q+ 61. Kxd4 Qg1+ 0-1

[Event "Titled Tuesday intern op 19th Jul Late"]
[Site "Chess.com INT"]
[Date "2022.07.19"]
[Round "8"]
[White "Medeiros, Francisco de Assis"]
[Black "Jimenez, Joaquin Rodrigo"]
[Result "0-1"]
[WhiteElo "2074"]
[BlackElo "2225"]
[PlyCount "58"]
[EventDate "2022.07.19"]
[EventType "swiss (blitz)"]
[EventRounds "11"]
[EventCountry "USA"]
[SourceTitle "EXT 2023"]
[Source "ChessBase"]
[SourceDate "2022.10.05"]
[SourceVersion "1"]
[SourceVersionDate "2022.10.05"]
[SourceQuality "1"]

1. d4 Nf6 2. Nf3 g6 3. Bg5 Bg7 4. Nbd2 d5 5. c3 0-0 6. e3 c5 7. Bd3 Nc6 8. dxc5 e5 9. e4 Be6 10. b4 h6 11. Bxf6 Qxf6 12. exd5 Bxd5 13. Ne4 Qe7 14. 0-0 Rad8 15. Qc2 f5 16. Nd6 e4 17. Rfe1 Rxd6 18. cxd6 Qxd6 19. Be2 exf3 20. Bxf3 Bxf3 21. gxf3 Qf4 22. Re3 Ne5 23. Kg2 Qg5+ 24. Kf1 f4 25. Re4 Nxf3 26. Ke2 Ne5 27. Re1 Rd8 28. Qb3+ Kh7 29. Kf1 f3 0-1

[Event "Titled Tuesday intern op 19th Jul Late"]
[Site "Chess.com INT"]
[Date "2022.07.19"]
[Round "7"]
[White "Tanenbaum, Zachary Chen"]
[Black "Medeiros, Francisco de Assis"]
[Result "1-0"]
[WhiteElo "2168"]
[BlackElo "2074"]
[PlyCount "53"]
[EventDate "2022.07.19"]
[EventType "swiss (blitz)"]
[EventRounds "11"]
[EventCountry "USA"]
[SourceTitle "EXT 2023"]
[Source "ChessBase"]
[SourceDate "2022.10.05"]
[SourceVersion "1"]
[SourceVersionDate "2022.10.05"]
[SourceQuality "1"]

1. e4 c6 2. d4 d5 3. exd5 cxd5 4. Bd3 Nf6 5. c3 Nc6 6. Bf4 g6 7. Nd2 Bg7 8. Ngf3 0-0 9. 0-0 Bf5 10. Bxf5 gxf5 11. Ne5 Rc8 12. Qf3 e6 13. Rae1 Ne4 14. Nxe4 fxe4 15. Qg3 f5 16. f3 Nxe5 17. Bxe5 Rf7 18. fxe4 dxe4 19. Rxe4 Kh8 20. Re3 Qd5 21. b3 Re8 22. c4 Qd7 23. Bxg7+ Rxg7 24. Qe5 Kg8 25. Rxf5 Rd8 26. Qxe6+ Qxe6 27. Rxe6 1-0

[Event "Titled Tuesday intern op 12th Jul Early"]
[Site "Chess.com INT"]
[Date "2022.07.12"]
[Round "2"]
[White "Medeiros, Francisco de Assis"]
[Black "Sztokbant, Bernardo Vainzoff"]
[Result "1/2-1/2"]
[WhiteElo "2074"]
[BlackElo "2213"]
[PlyCount "80"]
[EventDate "2022.07.12"]
[EventType "swiss (blitz)"]
[EventRounds "11"]
[EventCountry "USA"]
[SourceTitle "EXT 2023"]
[Source "ChessBase"]
[SourceDate "2022.10.05"]
[SourceVersion "1"]
[SourceVersionDate "2022.10.05"]
[SourceQuality "1"]

1. d4 Nf6 2. Nf3 e6 3. Bg5 d5 4. Nbd2 Be7 5. e3 0-0 6. Bd3 b6 7. c3 Nbd7 8. Qa4 Bb7 9. Ne5 Nxe5 10. dxe5 Ne4 11. Bxe7 Qxe7 12. Nxe4 dxe4 13. Bxe4 Qh4 14. Bc6 Qxa4 15. Bxa4 Bxg2 16. Rg1 Be4 17. 0-0-0 Rfd8 18. Rxd8+ Rxd8 19. Rd1 Rxd1+ 20. Kxd1 f6 21. exf6 gxf6 22. Ke2 Kf7 23. f3 Bd5 24. a3 e5 25. Bc2 h6 26. e4 Be6 27. Ke3 Kg6 28. Kf2 f5 29. exf5+ Bxf5 30. Bb3 Bd7 31. Bd5 Kf5 32. Kg3 Bb5 33. Be4+ Kg5 34. h4+ Kf6 35. f4 Bd7 36. Bd5 Kf5 37. fxe5 Kxe5 38. Bf3 Be6 39. Bc6 Bf5 40. Kf3 Be6 1/2-1/2

[Event "Titled Tuesday intern op 12th Jul Early"]
[Site "Chess.com INT"]
[Date "2022.07.12"]
[Round "5"]
[White "Odegov, Artem"]
[Black "Medeiros, Francisco de Assis"]
[Result "1-0"]
[WhiteElo "2286"]
[BlackElo "2074"]
[PlyCount "93"]
[EventDate "2022.07.12"]
[EventType "swiss (blitz)"]
[EventRounds "11"]
[EventCountry "USA"]
[SourceTitle "EXT 2023"]
[Source "ChessBase"]
[SourceDate "2022.10.05"]
[SourceVersion "1"]
[SourceVersionDate "2022.10.05"]
[SourceQuality "1"]

1. d4 d5 2. c4 e6 3. Nf3 a6 4. cxd5 exd5 5. Nc3 c6 6. Bf4 Bd6 7. g3 Bxf4 8. gxf4 Ne7 9. e3 Bf5 10. Be2 Nd7 11. Ne5 Nxe5 12. fxe5 0-0 13. Rg1 f6 14. Qb3 fxe5 15. dxe5 b5 16. 0-0-0 Qc7 17. f4 Qb6 18. Rg3 Kh8 19. Rdg1 Qc5 20. a3 Bg6 21. Bg4 d4 22. exd4 Qxd4 23. Ne2 Qe4 24. Kd2 Rad8+ 25. Ke1 Rxf4 26. Qe3 Qb1+ 27. Qc1 Qxc1+ 28. Nxc1 Bc2 29. Be2 Nf5 30. Nd3 Bxd3 31. Rxd3 Rxd3 32. Bxd3 Rd4 33. Bxf5 Rd5 34. Kf2 Rxe5 35. Bh3 g6 36. Bg2 Rc5 37. Bf3 Rc2+ 38. Kg3 Rxb2 39. Rc1 Rb3 40. Rxc6 Rxa3 41. Rc7 a5 42. Rb7 b4 43. Kf4 Rc3 44. Bd5 Rc5 45. Ke5 a4 46. Kf6 a3 47. Rb8+ 1-0

[Event "Titled Tuesday intern op 12th Jul Early"]
[Site "Chess.com INT"]
[Date "2022.07.12"]
[Round "8"]
[White "Rose, Felix"]
[Black "Medeiros, Francisco de Assis"]
[Result "0-1"]
[WhiteElo "2091"]
[BlackElo "2074"]
[PlyCount "64"]
[EventDate "2022.07.12"]
[EventType "swiss (blitz)"]
[EventRounds "11"]
[EventCountry "USA"]
[SourceTitle "EXT 2023"]
[Source "ChessBase"]
[SourceDate "2022.10.05"]
[SourceVersion "1"]
[SourceVersionDate "2022.10.05"]
[SourceQuality "1"]

1. Nf3 d5 2. e3 Nf6 3. c4 e6 4. b3 Be7 5. Bb2 0-0 6. Nc3 b6 7. cxd5 exd5 8. d4 Bb7 9. Be2 c5 10. 0-0 Re8 11. Rc1 Nbd7 12. dxc5 Nxc5 13. Nb5 a6 14. Nbd4 Bf8 15. Ne1 Nfe4 16. Nd3 Nxd3 17. Bxd3 g6 18. Nf3 b5 19. Be2 Bd6 20. Qd4 f6 21. Rfd1 Qe7 22. Qb6 Rac8 23. Rxc8 Rxc8 24. Bd4 Bc7 25. Qa7 Ra8 26. Qxb7 Bxh2+ 27. Nxh2 Qxb7 28. f3 Nd6 29. Bxf6 Nf5 30. e4 dxe4 31. fxe4 Qxe4 32. Bf3 Qe3+ 0-1

[Event "Titled Tuesday intern op 14th Jun Early"]
[Site "Chess.com INT"]
[Date "2022.06.14"]
[Round "11"]
[White "Medeiros, Francisco de Assis"]
[Black "Adewumi, Tanitoluwa"]
[Result "0-1"]
[WhiteElo "2074"]
[BlackElo "2305"]
[PlyCount "76"]
[EventDate "2022.06.14"]
[EventType "swiss (blitz)"]
[EventRounds "11"]
[EventCountry "USA"]
[SourceTitle "EXT 2023"]
[Source "ChessBase"]
[SourceDate "2022.10.05"]
[SourceVersion "1"]
[SourceVersionDate "2022.10.05"]
[SourceQuality "1"]

1. d4 Nf6 2. Nf3 e6 3. Bg5 h6 4. Bh4 d5 5. Nbd2 Be7 6. e3 Nbd7 7. Bd3 c5 8. c3 0-0 9. 0-0 Qc7 10. a3 e5 11. Bg3 Bd6 12. dxe5 Nxe5 13. Nxe5 Bxe5 14. Bxe5 Qxe5 15. Qc2 c4 16. Be2 Bf5 17. Qd1 Rfe8 18. Nf3 Qd6 19. Nd4 Bg6 20. Bf3 Rad8 21. Qd2 h5 22. Rad1 h4 23. h3 Re5 24. Ne2 Be4 25. Nf4 Bxf3 26. gxf3 Qd7 27. Kh2 Qf5 28. Rg1 Kh7 29. Qd4 g5 30. Ne2 Rde8 31. f4 Re4 32. Rxg5 Rxd4 33. Rxf5 Rxd1 34. Rxf6 Rd2 35. Nd4 Rxf2+ 36. Kg1 Rxb2 37. Rxf7+ Kg8 38. Rxb7 Rxb7 0-1

[Event "Titled Tuesday intern op 14th Jun Early"]
[Site "Chess.com INT"]
[Date "2022.06.14"]
[Round "6"]
[White "Medeiros, Francisco de Assis"]
[Black "Piliczewski, Bogusz"]
[Result "1-0"]
[WhiteElo "2074"]
[BlackElo "1950"]
[PlyCount "93"]
[EventDate "2022.06.14"]
[EventType "swiss (blitz)"]
[EventRounds "11"]
[EventCountry "USA"]
[SourceTitle "EXT 2023"]
[Source "ChessBase"]
[SourceDate "2022.10.05"]
[SourceVersion "1"]
[SourceVersionDate "2022.10.05"]
[SourceQuality "1"]

1. d4 d5 2. Nf3 Nf6 3. Bg5 Ne4 4. Bf4 Bf5 5. e3 e6 6. c4 c6 7. Nc3 Nd7 8. Qb3 b6 9. cxd5 exd5 10. Ba6 Nd6 11. 0-0 Be7 12. Ne5 Nb8 13. Nxc6 Nxc6 14. Bxd6 Qxd6 15. Qxd5 Qxd5 16. Nxd5 0-0 17. Bb7 Rac8 18. Bxc6 Bd6 19. Rac1 Be6 20. Nf4 Bxf4 21. exf4 Bxa2 22. d5 Rfd8 23. Rfd1 Bb3 24. Rd2 Bxd5 25. Rxd5 Rd6 26. Rxd6 Rf8 27. g3 g6 28. Kg2 h5 29. Rcd1 Kg7 30. h4 Rc8 31. Bf3 Rc2 32. R6d2 Rc5 33. Kf1 a5 34. Kg2 a4 35. Bd5 Rb5 36. Kf3 Rb4 37. Ke2 Rb5 38. Bc4 Rc5 39. Bd3 b5 40. Rc2 Rd5 41. Rdc1 b4 42. Ke3 b3 43. Rc5 Rd7 44. R5c4 Ra7 45. Ra1 a3 46. Rxa3 Rb7 47. Rc3 1-0

[Event "Titled Tuesday intern op 14th Jun Early"]
[Site "Chess.com INT"]
[Date "2022.06.14"]
[Round "5"]
[White "Rodrigues, Tiago Pereira"]
[Black "Medeiros, Francisco de Assis"]
[Result "1-0"]
[WhiteElo "2155"]
[BlackElo "2074"]
[PlyCount "87"]
[EventDate "2022.06.14"]
[EventType "swiss (blitz)"]
[EventRounds "11"]
[EventCountry "USA"]
[SourceTitle "EXT 2023"]
[Source "ChessBase"]
[SourceDate "2022.10.05"]
[SourceVersion "1"]
[SourceVersionDate "2022.10.05"]
[SourceQuality "1"]

1. d3 d5 2. c3 Nf6 3. Nd2 c6 4. e4 e5 5. Be2 Bd6 6. Ngf3 0-0 7. 0-0 Re8 8. Re1 Bg4 9. h3 Bh5 10. a3 Nbd7 11. b4 Qc7 12. Bb2 a5 13. Rc1 Bg6 14. Bf1 h6 15. Nh4 Bh7 16. Qf3 Qb6 17. Ba1 Bf8 18. Nf5 Rac8 19. Nb3 dxe4 20. dxe4 a4 21. Nd2 Qc7 22. Nc4 Bxf5 23. Qxf5 b5 24. Ne3 g6 25. Qf3 Bg7 26. c4 Qb7 27. Red1 Nf8 28. h4 Qe7 29. cxb5 cxb5 30. Bxb5 Rxc1 31. Rxc1 Rd8 32. Bb2 Qb7 33. Bc6 Qa7 34. Bxe5 Nh5 35. Bxg7 Kxg7 36. Nd5 Ne6 37. g4 Nd4 38. Qe3 Nf6 39. Nxf6 Kxf6 40. Bd5 Kg7 41. Kg2 Nb5 42. Qxa7 Nxa7 43. Rc5 h5 44. gxh5 1-0